Phamous Phills Quiz Stats

 Plays Quiz not verified by Sporcle

Score 0/20 Timer 05:00
0 Plays Today
Hint Phamous Phill % Correct
Drummer who 'Can't Dance'Phil Collins
63.2%
Laker's CoachPhil Jackson
59.2%
One of the PGAs Top 10Phil Mickelson
56.6%
Star of News Radio and Saturday Night LivePhil Hartman
53.9%
2006 Best Actor for 'Capote'Philip Seymour Hoffman
47.4%
Tabloid talk show hostPhil Donahue
35.5%
1979 NY Giants 1st round draft pickPhil Simms
32.9%
TV's Sergeant BilkoPhil Silvers
30.3%
Got his start on OpraDr. Phil McGraw
30.3%
Yankee's Pitcher Phil Hughes
28.9%
Hint Phamous Phill % Correct
Holy Cow! Let's get to the Money Store!Phil Rizzuto
26.3%
Hockey Hall of FamerPhil Esposito
25%
Planet Express Delivery BoyPhilip J. Fry
17.1%
Music producer and 'Teddy Bear'Phil Spector
14.5%
Inspired Blade Runner, Total Recall, and Minority ReportPhilip K. Dick
14.5%
Rugrats tyke with sister 'Lil'Phil DeVille
11.8%
Former 'Deadliest Catch' CaptainPhil Harris
6.6%
Radiohead DrummerPhil Selway
3.9%
One Life to Live's Asa BuchananPhil Carey
2.6%
Singer, Composer, Trumpet PlayerPhil Driscoll
0%

You're not logged in!

Compare scores with friends on all Sporcle quizzes.
OR
Log In

Show Comments

Extras

Created Nov 19, 2010SourceReportNominate
Tags:Famous Quiz, name, phil, philip

Top Quizzes Today


Score Distribution

Your Account Isn't Verified!

In order to create a playlist on Sporcle, you need to verify the email address you used during registration. Go to your Sporcle Settings to finish the process.

Report this User

Report this user for behavior that violates our Community Guidelines.

Details: